00553nam a22001817a 450000500170000001000150001702000260003203500130005803700130007108200160008410000220010024500930012226000380021527000580025330000230031150000190033470000180035320100816104240.0 aENG-100566 a9788189937614c950.00 aEN-84099 bDBAD/PUB a305.3091724 aSarkar,Siddhartha aGender and development an afro Indian study /cby Siddhartha Sarkar [and] John V Mensah aNew DelhibArise Publishersc2008 a4648/1, 21 Ansari road Darya Ganj bNew Delhie110002 axiv,352pc21cm(Hb) aincludes index aMensah,John V